[Event "5th London Classic Women's Inv"]
[Site "London ENG"]
[Date "2013.12.15"]
[Round "10.3"]
[White "Foisor, Mihaela-Veronica"]
[Black "Fuchs, Judith"]
[Result "1-0"]
[WhiteTitle "WIM"]
[BlackTitle "WIM"]
[WhiteElo "2216"]
[BlackElo "2337"]
[WhiteFideId "2270757"]
[BlackFideId "24605611"]
[EventDate "2013.12.07"]

1. d4 Nf6 2. c4 e6 3. Nc3 Bb4 4. Qc2 O-O 5. Nf3 b6 6. e4 Bxc3+ 7. bxc3 d6 8. e5
dxe5 9. dxe5 Nfd7 10. Ng5 g6 11. Qe4 Nc5 12. Qh4 h5 13. Be3 Nd3+ 14. Bxd3 Qxd3
15. Ne4 Bb7 16. Nf6+ Kg7 17. Rd1 Qxc3+ 18. Kf1 Qc2 19. Rd2 Qf5 20. Rg1 c5 21. g4
Qb1+ 22. Ke2 Qxg1 23. Qg5 Qxg4+ 24. Nxg4 hxg4 25. Qh6+ Kg8 26. Bg5 1-0